000 00812nam a2200265Ia 4500
003 OSt
005 20220923223255.0
006 a|||||r|||| 00| 0
007 ta
008 220922b |||||||| |||| 00| 0 hin d
020 _c20
024 _a212,735
037 _cTextual
040 _aARTS
_cARTS
_bhin
041 _2hin
_ahin
082 _aO152,3N25,AB, M6
100 _aलाल, लक्ष्मीनारायण
245 0 _aअसत्य भाषा
246 _aAsatya bhāṣhā
260 _aदिल्ली
_b किताबघर
_c1986
300 _a102पृ.
_ccm.
650 _aहिन्दी साहित्य
_9156264
942 _hO152,3N25,AB, M6
_cTEXL
_2CC
999 _c363009
_d363009